000
00245nam a2200109Ia 4500
008
190216s9999||||xx |||||||||||||| ||und||
100
_a
Ian Fleming
245
0
_a
James Bond Dr.No
260
_b
Pan Books London
650
_a
English
942
_c
BK
999
_c
12849
_d
12849